| 000 | 00717nam a2200253Ia 4500 | ||
|---|---|---|---|
| 003 | OSt | ||
| 005 | 20221005065914.0 | ||
| 006 | a|||||r|||| 00| 0 | ||
| 007 | ta | ||
| 008 | 221004b |||||||| |||| 00| 0 eng d | ||
| 020 | _a8187853468 (hbk) | ||
| 024 | _a27440 | ||
| 037 |
_bGift, 27/07/2016, _cTextual |
||
| 040 |
_aCRL _cCRL _beng |
||
| 041 |
_2eng _aeng |
||
| 082 | _aQ24, P3 | ||
| 100 |
_aVaidyanathan Sunil _95770 |
||
| 245 | 0 | _aGanesha the god of India | |
| 260 |
_aMumbai _bEnglish Edition Publisher and Distributor Pvt. Ltd. India _c2003 |
||
| 300 |
_a118p. _ccm. |
||
| 650 | _aRELIGION | ||
| 942 |
_hQ24, P3 _cTEXL _2cc |
||
| 999 |
_c975400 _d975400 |
||